Statistics for 2023 Ballon D'or Top 30

Click here to take the quiz!

General Stats

  • This quiz has been taken 255 times
  • The average score is 23 of 30

Answer Stats

PlaceNationalityAnswer% Correct
#3FranceKylian Mbappe
100%
#1ArgentinaLionel Messi
100%
#2NorwayErling Haaland
99%
#4BelgiumKevin De Bruyne
99%
#10CroatiaLuka Modric
96%
#11EgyptMohamed Salah
95%
#12PolandRobert Lewandowski
92%
#19EnglandHarry Kane
87%
#20ArgentinaLautaro Martinez
87%
#15ArgentinaEmiliano Martinez
86%
#5SpainRodri
86%
#6BrazilVinicius Junior
86%
#7ArgentinaJulian Alvarez
85%
#8NigeriaVictor Osimhen
84%
=#29NorwayMartin Ødegaard
80%
#9PortugalBernardo Silva
78%
#18EnglandJude Bellingham
75%
#21FranceAntoine Griezmann
74%
#13MoroccoYassine Bounou
72%
#30PortugalRuben Dias
70%
#26GermanyJamal Musiala
65%
#17GeorgiaKhvicha Kvaratskhelia
62%
#22South KoreaKim Min-Jae
59%
#16FranceKarim Benzema
58%
#23CameroonAndre Onana
57%
#25CroatiaJosko Gvardiol
57%
#24EnglandBukayo Saka
54%
#14GermanyIlkay Gundögan
53%
=#29FranceRandal Kolo Muani
47%
#27ItalyNicolo Barella
42%

Score Distribution

Percentile by Number Answered

Percent of People with Each Score

Your Score History

You have not taken this quiz